ロード中...
Spectroscopy, Vol.3
| 第一著者: | |
|---|---|
| フォーマット: | Printed Book |
| 出版事項: |
Chapman & Hall Ltd., London
1976
|
| 主題: |
| LEADER | 00530nam a2200193 4500 | ||
|---|---|---|---|
| 020 | |c P18.99 | ||
| 082 | |a 535.84 STR-S.3 | ||
| 100 | |a Straughan, B P, Ed.; Walker, S, Ed. | ||
| 245 | |a Spectroscopy, Vol.3 | ||
| 250 | |||
| 260 | |a Chapman & Hall Ltd., London |c 1976 | ||
| 300 | |a 324 | ||
| 490 | |||
| 500 | |||
| 590 | |a VMV |c P18.99 | ||
| 650 | |a Spectrum analysis | ||
| 942 | |c BK | ||
| 999 | |c 82565 |d 82565 | ||
| 952 | |0 0 |1 0 |4 0 |6 535_840000000000000_STRS_3 |7 0 |9 96033 |a PHY |b PHY |g 0.00 |l 0 |o 535.84 STR-S.3 |p PHY04225 |r 2019-09-24 |w 2019-09-24 |y BK | ||